Biggest Cities in France before the Hundred Years' War with a Map - Statistics

General Stats
  • This quiz has been taken 934 times
  • The average score is 20 of 41
Answers on the Map
Answers color-coded by a green-red scale on the quiz's map according to % correct below.
 
Answer Stats
Population Cities % Correct
200,000 Paris
100%
30,000 Bordeaux
95%
20,000 Lyon
90%
33,000 Toulouse
89%
30,000 Lille
85%
8,000 Nantes
84%
12,000 Calais
79%
40,000 Montpellier
75%
8,000 Rennes
75%
17,000 Dijon
73%
40,000 Rouen
73%
22,000 Orléans
72%
45,000 Bruges
71%
20,000 Reims
71%
60,000 Ghent
66%
9,000 Caen
65%
25,000 Tours
60%
21,000 Amiens
53%
10,000 Angers
48%
10,000 Nîmes
48%
10,000 Carcassonne
46%
15,000 Poitiers
46%
8,000 Clermont
45%
30,000 Narbonne
40%
24,000 Troyes
39%
30,000 Arras
31%
9,000 Chartres
31%
16,000 Bourges
30%
10,000 Auxerre
29%
15,000 Béziers
28%
35,000 Tournai
28%
30,000 Ypres
25%
11,000 Albi
23%
16,000 Beauvais
23%
8,000 Montauban
23%
10,000 Châlons-en-Champagne
19%
10,000 Douai
19%
35,000 Saint-Omer
17%
8,000 Périgueux
14%
10,000 Provins
11%
10,000 Montreuil
6%
No matching quizzes found
Score Distribution
Percent of People with Each Score
Percentile by Number Answered
Your Score History
You have not taken this quiz